000 00280nam a2200121Ia 4500
008 190216s9999||||xx |||||||||||||| ||und||
100 _aSavithri Gunasekhar
245 0 _aHindi-Bhud-Bhud Mem Sagar
260 _bPreetha Prakashan
300 _a96
650 _aHindi
942 _cBK
999 _c16377
_d16377